Statistics for 1975年4月時点の急行なつどまり停車駅

Click here to take the quiz!

General Stats

  • This quiz has been taken 16 times
  • The average score is 9 of 13

Answer Stats

Answer% Correct
青森
100%
八戸
100%
浅虫
86%
野辺地
86%
三沢
86%
86%
本八戸
79%
乙供
50%
小湊
43%
上北町
43%
下田
43%
陸奥湊
36%
陸奥市川
21%

Score Distribution

Percentile by Number Answered

Percent of People with Each Score

Your Score History

You have not taken this quiz